|
|
|
|
| LEADER |
00000nab a2200000 a 4500 |
| 001 |
vtls001020590 |
| 003 |
SK-MaSNL |
| 005 |
20260303201342.0 |
| 008 |
040720e20030422xo 0 slo |
| 035 |
|
|
|a SN6492
|
| 040 |
|
|
|a SNSK
|b slo
|c SNSK
|e AACR2
|
| 041 |
0 |
|
|a slo
|
| 044 |
|
|
|a xo
|c SK
|
| 080 |
|
|
|a 392
|2 1981
|
| 100 |
0 |
|
|a (kar)
|4 aut
|9 921436
|
| 245 |
1 |
0 |
|a O riaditeľské miesto v Spišskom divadle zatiaľ nikto neprejavil záujem
|
| 610 |
2 |
7 |
|a Spišské divadlo
|2 SNSK
|9 32010
|
| 650 |
0 |
7 |
|a konania výberové
|2 SNSK
|9 1021754
|
| 650 |
0 |
7 |
|a vedúci pracovníci
|2 SNSK
|9 59720
|
| 650 |
0 |
7 |
|a nezáujem
|2 SNSK
|9 1018796
|
| 651 |
|
7 |
|a Spišská Nová Ves (Slovensko)
|2 SNSK
|9 28800
|
| 651 |
|
7 |
|a SN,
|2 SNSK
|9 1021277
|
| 655 |
|
7 |
|a periodikum
|2 snkbucl
|9 29553
|
| 710 |
2 |
|
|a Spišské divadlo
|4 aut
|9 32010
|
| 773 |
0 |
8 |
|t Spišský denník
|g Roč. 5, č.92, 22.4.2003, s. 1
|x 1335-759X
|
| 852 |
|
|
|a ZVYKNI
|b KIS3GCP
|
| 999 |
|
|
|c 2173515
|d 2175445
|